Grey's Anatomy- Character Quotes. Quiz Stats

 Plays Quiz not verified by Sporcle

Support Sporcle.
Go Orange.
Score 0/16 Timer 04:00
0 Plays Today
Quote Character % Correct
Meredith, I want your crappy babies. All of them.Derek Shepherd
87.5%
The only person that can keep a promise that big is God, and I haven't seen him holding a scalpel lately. Preston Burke
71.2%
You have hot boobs, and I stare at them too.Alex Karev
65.2%
This is more disturbing than your bag full of mommy.Cristina Yang
61.7%
How would you feel if she called your penis angry or snide?Meredith Grey
56.9%
Don't you dare come to me for forgiveness, you traitorous bitch.Callie Torres
55.8%
Bow to me, for I am the queen of interns!Lexie Grey
55.1%
I don't know. What do they do for the 666 on the back of your skull?Izzie Stevens
55.1%
Quote Character % Correct
This man is trying to kill himself. God forgive me I need you to let him.Miranda Bailey
51.4%
Let me say it once: Grandpa... Grandpa, grandpa, grandpa! Addison Montgomery
45.2%
I want all of you people to do what I say!Richard Webber
44.5%
I am not your sister!George O'Malley
42%
I'm telling you, I have the energy of ten men.Mark Sloan
40.5%
Oh, good lord. He got to you, too.Teddy Altman
23%
What do I care if his abs are where his soul should be?Arizona Robbins
21.9%
Well then I guess you're screwed.Owen Hunt
17.5%

You're not logged in!

Compare scores with friends on all Sporcle quizzes.
OR
Log In

From the Vault

Movie by Quote: Famous Actors II

by Larryholmes79

If you ever see these actors in public, make sure to scream these lines at them as loud as you can.
Remove Ads.
Support Sporcle.
Get the best of Sporcle when you Go Orange. This ad-free experience offers more features, more stats, and more fun while also helping to support Sporcle. Thank you for becoming a member.

Show Comments

Extras

Created Mar 5, 2011ReportNominate
Tags:Quote Quiz, Character, Grey

Top Quizzes Today


Score Distribution

Your Account Isn't Verified!

In order to create a playlist on Sporcle, you need to verify the email address you used during registration. Go to your Sporcle Settings to finish the process.

Report this User

Report this user for behavior that violates our Community Guidelines.

Details: